Vista normal
Vista MARC
- Corley, R. H. V.
Entrada Nombre personal
Número de registros utilizados en: 88
001 - NÚMERO DE CONTROL
- campo de control: 37547
003 - IDENTIFICADOR DEL NÚMERO DE CONTROL
- campo de control: CO-BoFNCP
005 - FECHA Y HORA DE LA ÚLTIMA TRANSACCIÓN
- campo de control: 20190219153255.0
008 - DATOS DE LONGITUD FIJA
- campo de control de longitud fija: 170802|| aca||aabn | a|a d
040 ## - FUENTE DE LA CATALOGACIÓN
- Centro catalogador/agencia de origen: CO-BoFNCP
100 10 - ENCABEZAMIENTO-NOMBRE DE PERSONA
- Nombre de persona: Corley, R. H. V.